000 00559nam a2200181 i 4500
001 78294
003 ES-MaACL
005 20251126143554.0
007 t|
008 041013s1963 sp ||||1| spa d
100 1 _aHarvie, Fred H.
_962027
245 1 0 _aMétodos y constantes biológicas en Pediatría /
_cpor Fred H. Harvie ; versión española de P. Roca Amigó.
260 _aBarcelona :
_bToray,
_c1963.
300 _aVIII, 468 p. ;
_c22 cm.
700 0 _aRoca Amigó, Pedro
_997984
852 _aES-MaACL
_jC-24048
_bR.52990
999 _c78294
_d78294